Harangszó az elsüllyedt világból

Bibliographic Details
Main Author: Kis, Béla A., 1964- (Author)
Format: Article
Language:Hungarian
ISSN:1335-7298
Subjects:

MARC

LEADER 00000nab a2200000 ar4500
001 vtls009003390
003 SK-MaSNL
005 20260319071254.0
008 061206c2006 xo ||||||oh 000 b|hun
015 |a SNBRB2006/12  |2 snkbucl 
038 |a SNKBUCL 
040 |a DSZK  |b slo  |c DSZK  |e AACR2 
041 0 |a hun 
044 |a xo  |c SK 
080 |a 2-051  |x (048)  |2 1997 
080 |a 929 Csiba, Kálmán  |x (048)  |2 1997 
100 1 |a Kis, Béla A.,  |d 1964-  |4 aut  |9 624558 
245 1 0 |a Harangszó az elsüllyedt világból  |c A. Kis Béla 
600 1 7 |a Csiba, Kálmán,  |d 1931-  |2 snkbucl  |9 1065768 
655 7 |a recenzie  |2 snkbucl  |9 21907 
773 0 |t Kálvinista szemle  |g Évf. LXXVII, sz. 11 (2006), o. 5  |x 1335-7298 
787 0 8 |i Rec.:  |a Csiba, Kálmán,  |t Harangszó az elsüllyedt világból  |d Kolozsvár, Csiba Kálmán, 2006 
852 |a SNK  |b KIS3GCP 
852 |a DSZK  |b KIS3GCP 
958 |a HU 
958 |a RO 
958 |a RC 
958 |a BC 
999 |c 1751679  |d 1753609